Trasa Linii 121 (MPK KRAKÓW) - Statystyki

Ogólne statystyki
  • Ten quiz został rozwiązany 3 razy
  • Średni wynik to 4 z 19
Statystyki odpowiedzi
Lp. Ulica Przystanek % Poprawnych
1. Sielska Borek Fałęcki
100%
2. (NŻ) ↓ Zawiła Góra Borkowska
100%
10. Borkowska Borkowska
50%
3. (NŻ) ↓ Zawiła Cmentarz Borek Fałęcki
50%
11. Forteczna Forteczna
50%
14. Judyma Judyma Szkoła
50%
18. (NŻ) ↑ Pronaszków Chorzowska
0%
19. Homolacsa Kliny Poranne
0%
4. ↑ Kościuszkowców Kościuszkowców
0%
9. Zawiła Las Borkowski
0%
7. (NŻ) ↑ Żywiecka Łuczyńskiego
0%
12. ↑ Zawiszy Os. Kliny
0%
16. ↓ Zawiszy Os. Kliny
0%
8. (NŻ) ↑ Żywiecka Polana Żywiecka
0%
5. ↑ Kościuszkowców Rynek Fałęcki
0%
17. (NŻ) ↑ Zagaje Zagaje
0%
13. ↓ Forteczna Zawiszy
0%
15. ↑ Forteczna Zawiszy
0%
6. ↑ Żywiecka Żywiecka
0%
Nie znaleziono quizów pasujących do podanych kryteriów
Rozkład punktacji
Procent ludzi z każdym wynikiem
Percentyl według liczby udzielonych odpowiedzi
Twoja historia wyników
Nie rozwiązałeś tego quizu